El lenguaje y la vida

保存先:
書誌詳細
第一著者: Bally, Charles
フォーマット: 図書
言語:Undetermined
出版事項: Buenos Aires, Argentina Editorial Losada 1957
版:3
主題:
タグ: タグ追加
タグなし, このレコードへの初めてのタグを付けませんか!

MARC

LEADER 00000nam a2200000Ia 4500
008 170316s9999 xx 000 0 und d
090 |a 410 B-5L 
100 |a Bally, Charles 
245 |a El lenguaje y la vida 
250 |a 3 
260 |a Buenos Aires, Argentina 
260 |b Editorial Losada 
260 |c 1957 
300 |a 247 páginas 
650 |a LINGÜÍSTICA 
999 |c 18262  |d 18262 
040 |a cru BVZT 
942 |c 15 D  |h 410 B-5L  |2 z